000
00343 a2200157 4500
001
170979
020
_a
040
_c
Magnum
100
_a
Rosa, Joao Guimaraes
240
1
0
_a
Fita verde no cabelo
_l
por
245
1
0
_a
Fita verde no cabelo
362
0
_a
1899
440
1
_a
Nova Fronteira
697
_a
IJ/ADOLESCENTE, NAMORO
942
_c
BK
999
_c
170979
_d
170979